• 首页
  • 本馆介绍
  • 公告通知
  • 最新文献
  • 馆藏检索
  • 电子资源
  • 读者导购
  • 参考咨询
  • 我的图书馆
  • 登录
  • 详细信息显示
  • 放入我的书架
  • 预约/预借图书
  • 作者相关作品
  • 分类相关作品
  • 丛书相关作品
  • 出版社相关作品

书目信息

  • 表格格式
  • 工作单格式
  • 卡片格式
题名:
校园贷知识读本
    
 
作者: 陶红亮 编著
分册:  
出版信息: 北京   应急管理出版社  2019
页数: 167页
开本: 24cm
丛书名:
单 册:
中图分类: G467.8 , G467
科图分类:
主题词: 贷学金--信贷--基本知识
电子资源:
ISBN: 978-7-5020-7691-7
000 00826cam0 2200229 450
001 2059980955
005 20201127164030.76
010    @a978-7-5020-7691-7@dCNY38.00
100    @a20191209d2019 em y0chiy50 ea
101 0  @achi
102    @aCN@b110000
105    @aa z 000yy
200 1  @a校园贷知识读本@9xiao yuan dai zhi shi du ben@b专著@f陶红亮编著
210    @a北京@c应急管理出版社@d2019
215    @a167页@c图@d24cm
330    @a本书较为全面地介绍了校园贷的相关知识,包括什么是校园贷、校园贷的业务类型、校园贷常见骗局等。书中以鲜活的案例警醒大学生远离校园贷,树立正确的价值观,避免肤浅的消费主义,不要因为一时的冲动付出沉重的代价。
606 0  @a贷学金@x信贷@x基本知识
690    @aG467.8@v5
690    @aG467@v4
701  0 @a陶红亮@9tao hong liang@4编著
801  2 @aCN@b58marc.cn@c20201109
905    @aZUCC@dG467@e1
    
    校园贷知识读本/陶红亮编著.-北京:应急管理出版社,2019
    167页:图;24cm
    
    
    ISBN 978-7-5020-7691-7:CNY38.00
    本书较为全面地介绍了校园贷的相关知识,包括什么是校园贷、校园贷的业务类型、校园贷常见骗局等。书中以鲜活的案例警醒大学生远离校园贷,树立正确的价值观,避免肤浅的消费主义,不要因为一时的冲动付出沉重的代价。
●
相关链接 在五车中查询图书 在当当中查询图书 在豆瓣中查询图书


正题名:校园贷知识读本     索取号:G467/1         预约/预借

序号 登录号 条形码 馆藏地/架位号 状态 备注
1 870810   2000870810   第二书库/ [索取号:G467/1] 在馆    
2 870811   2000870811   第二书库/ [索取号:G467/1] 在馆    
3 870812   2000870812   第二书库/ [索取号:G467/1] 在馆    
山东省滨州职业学院图书馆 欢迎您!
大连网信软件有限公司© 版权所有